Roofing ready reckoner: metric and imperial dimensions for timber roofs of any span and pitch (Record no. 102024)
[ view plain ]
| 000 -LEADER | |
|---|---|
| fixed length control field | 01396cam a2200337 4500 |
| 008 - FIXED-LENGTH DATA ELEMENTS--GENERAL INFORMATION | |
| fixed length control field | 020418n 000 0 eng u |
| 020 ## - INTERNATIONAL STANDARD BOOK NUMBER | |
| International Standard Book Number | 0632057653 |
| 035 ## - SYSTEM CONTROL NUMBER | |
| System control number | (Sirsi) u117562 |
| 041 ## - LANGUAGE CODE | |
| Language code of text/sound track or separate title | eng. |
| 050 ## - LIBRARY OF CONGRESS CALL NUMBER | |
| Classification number | 695 |
| 100 ## - MAIN ENTRY--PERSONAL NAME | |
| Personal name | Goss, R. |
| 245 ## - TITLE STATEMENT | |
| Title | Roofing ready reckoner: metric and imperial dimensions for timber roofs of any span and pitch |
| 250 ## - EDITION STATEMENT | |
| Edition statement | 3rd ed. |
| 260 ## - PUBLICATION, DISTRIBUTION, ETC. | |
| Place of publication, distribution, etc. | v,183p. |
| Name of publisher, distributor, etc. | ill. |
| Date of publication, distribution, etc. | 12cm. |
| 300 ## - PHYSICAL DESCRIPTION | |
| Extent | Oxford |
| Other physical details | Blackwell Science |
| Dimensions | 2001 |
| 350 ## - PRICE (NR) (BK AM CF MU VM SE) [OBSOLETE] | |
| Price | 9.99 |
| 520 ## - SUMMARY, ETC. | |
| Summary, etc. | A useful reference for those constructing roofs for new buildings and extensions using cut roof or trussed rafter construction. The tables include data for common rafters, hips and valley and can also be used for attic construction. Also contains illustrations and text on wall plate and gable end strapping, wind bracing, truss clips and other roofing metalwork, and information on the tools and equipment that can be used to carry out this type of work. Information is given in both metric and imperial units. |
| 650 ## - SUBJECT ADDED ENTRY--TOPICAL TERM | |
| Topical term or geographic name entry element | ROOFING |
| 650 ## - SUBJECT ADDED ENTRY--TOPICAL TERM | |
| Topical term or geographic name entry element | TIMBER ROOFING |
| 650 ## - SUBJECT ADDED ENTRY--TOPICAL TERM | |
| Topical term or geographic name entry element | CUT ROOF CONSTRUCTION |
| 650 ## - SUBJECT ADDED ENTRY--TOPICAL TERM | |
| Topical term or geographic name entry element | TRUSSED RAFTER ROOFS |
| 650 ## - SUBJECT ADDED ENTRY--TOPICAL TERM | |
| Topical term or geographic name entry element | ROOFING MATERIALS |
| 650 ## - SUBJECT ADDED ENTRY--TOPICAL TERM | |
| Topical term or geographic name entry element | ROOFING METALWORK |
| 650 ## - SUBJECT ADDED ENTRY--TOPICAL TERM | |
| Topical term or geographic name entry element | CALCULATIONS |
| 650 ## - SUBJECT ADDED ENTRY--TOPICAL TERM | |
| Topical term or geographic name entry element | WIND BRACING |
| 650 ## - SUBJECT ADDED ENTRY--TOPICAL TERM | |
| Topical term or geographic name entry element | GABLE STRAPPING |
| 650 ## - SUBJECT ADDED ENTRY--TOPICAL TERM | |
| Topical term or geographic name entry element | EQUIPMENT |
| 690 ## - LOCAL SUBJECT ADDED ENTRY--TOPICAL TERM (OCLC, RLIN) | |
| Topical term or geographic name as entry element | BUILT ENVIRONMENT |
| 700 ## - ADDED ENTRY--PERSONAL NAME | |
| Personal name | Mindham, C. |
| 942 ## - ADDED ENTRY ELEMENTS (KOHA) | |
| Suppress in OPAC | 0 |
| Withdrawn status | Lost status | Source of classification or shelving scheme | Damaged status | Not for loan | Home library | Current library | Shelving location | Date acquired | Cost, normal purchase price | Total Checkouts | Full call number | Barcode | Date last seen | Date last checked out | Copy number | Cost, replacement price | Price effective from | Koha item type |
|---|---|---|---|---|---|---|---|---|---|---|---|---|---|---|---|---|---|---|
| Dewey Decimal Classification | London | London | Books | 29/04/2002 | 8.49 | 2 | 695 GOS | 30065432 | 06/08/2019 | 25/08/2004 | 1 | 8.49 | 06/08/2019 | Book |